Hợp tác xuyên biên giới của vùng Tây Nam Bộ (Sách chuyên khảo dùng cho nghiên cứu và giảng dạy)

Nội dung sách giới thiệu cơ sở lý luận và kinh nghiệm quốc tế của hợp tác xuyên biên giới; thực trạng hợp tác xuyên biên giới của Vùng Tây nam Bộ với Campuchia, GMS và Asean.

Na minha lista:
Detalhes bibliográficos
Autor principal: Nguyễn, Huy Hoàng
Formato: Livro
Idioma:Undetermined
Publicado em: Hà Nội Khoa học xã hội 2001
Assuntos:
Tags: Adicionar Tag
Sem tags, seja o primeiro a adicionar uma tag!
Thư viện lưu trữ: Trung tâm Học liệu Trường Đại học Cần Thơ
LEADER 01073nam a2200229Ia 4500
001 CTU_229121
008 210402s9999 xx 000 0 und d
082 |a 337.1 
082 |b H407 
100 |a Nguyễn, Huy Hoàng 
245 0 |a Hợp tác xuyên biên giới của vùng Tây Nam Bộ 
245 0 |b (Sách chuyên khảo dùng cho nghiên cứu và giảng dạy) 
245 0 |c Nguyễn Huy Hoàng (Chủ biên) 
260 |a Hà Nội 
260 |b Khoa học xã hội 
260 |c 2001 
520 |a Nội dung sách giới thiệu cơ sở lý luận và kinh nghiệm quốc tế của hợp tác xuyên biên giới; thực trạng hợp tác xuyên biên giới của Vùng Tây nam Bộ với Campuchia, GMS và Asean. 
650 |a International economic relations,International cooperation,Quan hệ kinh tế quốc tế 
650 |x Công ty đa quốc gia 
904 |i QHieu 
910 |a Tuyến 
980 |a Trung tâm Học liệu Trường Đại học Cần Thơ